000 00495nam a2200181Ia 4500
008 230125s9999 xx 000 0 und d
041 _aeng
082 _a920.72
_bRAI/CHA
100 _aRai R
_9111664
245 _aMother Teresa
_bFaith and Compassion
260 _c1996
_bElement shaftesbury
300 _a192p
500 _aBiography
500 _aLiterature;Biography;Biography (Women)
650 _aBiography(women)
_9111665
700 _aRai R & Chawla N
_9111666
999 _c88578
_d88578